|
|
|
|
| LEADER |
01014nam a22002777a 4500 |
| 001 |
34642 |
| 003 |
BD-DhAAL |
| 005 |
20190513132105.0 |
| 008 |
190513t2006 ii a|||| b||| 001 0 eng d |
| 999 |
|
|
|c 40734
|d 40734
|
| 020 |
|
|
|a 9788131700686
|
| 040 |
|
|
|a BD-DhAAL
|
| 082 |
|
|
|a 510
|2 23
|
| 100 |
|
|
|a Dasgupta, Bhaskar.
|9 31583
|
| 245 |
|
|
|a Applied mathematical methods /
|c Bhaskar Dasgupta.
|
| 260 |
|
|
|a New Delhi :
|b Dorling Kindersley,
|c c2006
|
| 300 |
|
|
|a xvii, 505 pages :
|b illustrations ;
|c 24 cm
|
| 504 |
|
|
|a Includes bibliographical references (pages 429-432) and index.
|
| 526 |
|
|
|a MNS
|
| 541 |
|
|
|a Mullick & Brothers
|e 34642
|
| 650 |
|
|
|a Mathematics.
|9 31584
|
| 650 |
|
|
|a Mathematical analysis.
|9 31585
|
| 650 |
|
|
|a Engineering mathematics.
|9 31586
|
| 852 |
|
|
|a Ayesha Abed Library
|c General Stacks
|
| 942 |
|
|
|2 ddc
|c BK
|
| 952 |
|
|
|0 0
|1 0
|2 ddc
|4 0
|6 510_000000000000000_DAS
|7 0
|9 65417
|a BRACUL
|b BRACUL
|c GEN
|d 2019-04-24
|e Mullick & Brothers
|g 1000.00
|l 0
|o 510 DAS
|p 3010034642
|r 2019-04-24
|t 1
|v 1000.00
|w 2019-04-24
|y BK
|